[Event "Fynsmesterskabet "]
[Site "Odense"]
[Date "2008.01.24"]
[Round "2"]
[White "Jensen, Jens Skjoldborg"]
[Black "Nielsen, Theis"]
[Result "1/2-1/2"]
[WhiteElo "1503"]
[BlackElo "1693"]
[PlyCount "81"]
[EventDate "2008.??.??"]
[EventType "swiss"]
[EventRounds "7"]
[EventCountry "DEN"]

1. d4 Nf6 2. c4 e6 3. Nc3 d5 4. cxd5 exd5 5. Nf3 Nbd7 6. Bg5 c6 7. e3 Qa5 8.
Bxf6 Nxf6 9. Be2 Ne4 10. Qb3 Bb4 11. Rc1 O-O 12. O-O Bxc3 13. bxc3 Rb8 14. c4
Be6 15. Qc2 h6 16. Rfd1 Rfe8 17. cxd5 Bxd5 18. Bc4 Re7 19. Qb3 Rd8 20. Rc2 Bxc4
21. Qxc4 Qf5 22. Rdc1 a5 23. a4 Rd5 24. Qb3 f6 25. Ne1 Qe6 26. Nd3 g5 27. Nc5
Nxc5 28. Rxc5 Rxc5 29. Qxe6+ Rxe6 30. Rxc5 b6 31. Rf5 Kf7 32. g4 Rd6 33. Kf1
Ke6 34. Ke2 Rd5 35. Rxd5 Kxd5 36. Kd3 b5 37. e4+ Kd6 38. f3 Ke6 39. h3 Kd6 40.
Kc3 Ke6 41. Kb3 1/2-1/2

[Event "Fynsmesterskabet "]
[Site "Odense"]
[Date "2008.01.24"]
[Round "2"]
[White "Jorgensen, Peter Frank"]
[Black "Andreasen, Rene"]
[Result "0-1"]
[WhiteElo "1493"]
[BlackElo "1670"]
[PlyCount "96"]
[EventDate "2008.??.??"]
[EventType "swiss"]
[EventRounds "7"]
[EventCountry "DEN"]

1. e4 c6 2. d4 d5 3. exd5 cxd5 4. Nf3 Nc6 5. c4 Bg4 6. Be3 Nf6 7. Nc3 Qd7 8. h3
Bh5 9. Be2 e6 10. O-O Bxf3 11. Bxf3 dxc4 12. Qa4 Nd5 13. Qxc4 Nxe3 14. fxe3 Rc8
15. Qb5 Bd6 16. Qg5 O-O 17. Ne4 Qe7 18. Qh5 f5 19. Nxd6 Qxd6 20. Rad1 Ne7 21.
Qg5 Nd5 22. e4 fxe4 23. Bxe4 Rxf1+ 24. Rxf1 Nf6 25. Qe3 Nxe4 26. Qxe4 Qd5 27.
Qxd5 exd5 28. Rf5 Rc2 29. Rxd5 Rxb2 30. a4 Rb4 31. a5 a6 32. Kf2 Rb5 33. Rxb5
axb5 34. Ke3 Kf7 35. d5 Ke7 36. Kd4 Kd6 37. g3 h6 38. h4 h5 39. Ke4 b4 40. Kd4
b3 41. Kc3 b2 42. Kxb2 Kxd5 43. Kb3 Kc5 44. Ka4 Kc4 45. a6 bxa6 46. Ka5 Kd4 47.
Kxa6 Ke4 48. Kb6 Kf3 0-1

[Event "Fynsmesterskabet "]
[Site "Odense"]
[Date "2008.01.24"]
[Round "2"]
[White "Kiel, Jorgen"]
[Black "Frimodt, Michael"]
[Result "1-0"]
[WhiteElo "1621"]
[BlackElo "1416"]
[PlyCount "46"]
[EventDate "2008.??.??"]
[EventType "swiss"]
[EventRounds "7"]
[EventCountry "DEN"]

1. c4 c5 2. Nc3 Nc6 3. g3 Nf6 4. Bg2 e6 5. d3 Be7 6. e4 d6 7. Nge2 e5 8. O-O
O-O 9. Be3 Bd7 10. Nd5 Nxd5 11. cxd5 Nd4 12. f4 Bg4 13. Bxd4 Bxe2 14. Qxe2 exd4
15. Bh3 Re8 16. Rac1 a5 17. Qh5 g6 18. Qg4 h5 19. Qf3 h4 20. f5 hxg3 21. hxg3
g5 22. f6 Bf8 23. Qh5 Re5 1-0

[Event "Fynsmesterskabet "]
[Site "Odense"]
[Date "2008.01.24"]
[Round "2"]
[White "Kjeldsen, Anton"]
[Black "Borsen, Claus"]
[Result "1-0"]
[WhiteElo "1655"]
[BlackElo "1433"]
[PlyCount "35"]
[EventDate "2008.??.??"]
[EventType "swiss"]
[EventRounds "7"]
[EventCountry "DEN"]

1. e4 e5 2. f4 Bc5 3. Nf3 d6 4. fxe5 dxe5 5. Bc4 Nf6 6. Nxe5 Qd4 7. Bxf7+ Ke7
8. Qe2 Qxe5 9. Bb3 Bg4 10. Qc4 Rf8 11. d3 Nc6 12. Nc3 a6 13. Nd5+ Nxd5 14.
Qxc5+ Ke8 15. Bxd5 Qf6 16. Bg5 Qg6 17. Bxc6+ bxc6 18. Qe7# 1-0

[Event "Fynsmesterskabet "]
[Site "Odense"]
[Date "2008.01.24"]
[Round "2"]
[White "Kuntz, Jan"]
[Black "Rasmussen, Knud Aage"]
[Result "1/2-1/2"]
[WhiteElo "1907"]
[BlackElo "1741"]
[PlyCount "131"]
[EventDate "2008.??.??"]
[EventType "swiss"]
[EventRounds "7"]
[EventCountry "DEN"]

1. c4 e5 2. g3 f5 3. Bg2 Nf6 4. Nc3 Be7 5. d3 c6 6. e4 d6 7. Nge2 O-O 8. O-O
Na6 9. h3 Nc7 10. f4 g6 11. Be3 Be6 12. exf5 gxf5 13. b3 Nce8 14. b4 Nd7 15. a4
Nef6 16. b5 d5 17. fxe5 Nxe5 18. Nf4 Bf7 19. cxd5 cxd5 20. Bd4 Ng6 21. Qb3 Nxf4
22. Rxf4 Qd7 23. g4 Ne4 24. dxe4 dxe4 25. Qd1 Rad8 26. Be3 Qxd1+ 27. Rxd1 Bg5
28. Rxd8 Rxd8 29. gxf5 Bxf4 30. Bxf4 e3 31. Bxb7 Rd3 32. Ne4 Rd1+ 33. Kg2 e2
34. Bg3 e1=Q 35. Bxe1 Rxe1 36. a5 Be8 37. Bd5+ Kf8 38. b6 axb6 39. axb6 Rb1 40.
b7 Bf7 41. Bc6 Be8 42. Bxe8 Rxb7 43. Bc6 Rb6 44. Bd5 Kg7 45. Kg3 Ra6 46. Kf4
Rh6 47. Kg4 Rb6 48. h4 h6 49. Be6 Rb4 50. f6+ Kg6 51. h5+ Kh7 52. Bf5+ Kg8 53.
Bg6 Rb5 54. f7+ Kg7 55. Kf4 Rd5 56. Nf6 Rd8 57. Ke5 Rd1 58. Ke6 Rf1 59. Nd5
Re1+ 60. Kd6 Rd1 61. Ke5 Re1+ 62. Kf5 Rf1+ 63. Nf4 Kf8 64. Ke5 Re1+ 65. Kf5 Rf1
66. Ke5 1/2-1/2

[Event "Fynsmesterskabet "]
[Site "Odense"]
[Date "2008.01.24"]
[Round "2"]
[White "Lindegaard, Carsten"]
[Black "Jensen, Jacob"]
[Result "0-1"]
[WhiteElo "1256"]
[BlackElo "1578"]
[PlyCount "74"]
[EventDate "2008.??.??"]
[EventType "swiss"]
[EventRounds "7"]
[EventCountry "DEN"]

1. d4 e6 2. e4 d5 3. e5 c5 4. Nf3 Nc6 5. Bb5 Qb6 6. Bxc6+ bxc6 7. O-O cxd4 8.
Nxd4 Bc5 9. c3 Ne7 10. a3 Ba6 11. Re1 Nf5 12. b4 Bxd4 13. cxd4 Qxd4 14. Qxd4
Nxd4 15. Ra2 Nf5 16. Be3 O-O 17. Bc5 Rfe8 18. Rd2 Bc4 19. Nc3 a5 20. h3 axb4
21. Bxb4 Rec8 22. Bc5 Ra5 23. Bb4 Raa8 24. g4 Nh4 25. Re3 c5 26. Nxd5 Bxd5 27.
Bc3 Rxa3 28. Kf1 h6 29. f4 Rb8 30. Kf2 Ng6 31. f5 Ne7 32. f6 Nc6 33. fxg7 Rbb3
34. Rc2 Nxe5 35. Bxe5 Rxe3 36. Rxc5 Rf3+ 37. Kg2 Rfe3+ 0-1

[Event "Fynsmesterskabet "]
[Site "Odense"]
[Date "2008.01.24"]
[Round "2"]
[White "Lindenskov, Bjarne"]
[Black "Svendsen, Mads Bilde"]
[Result "0-1"]
[WhiteElo "1804"]
[BlackElo "2098"]
[PlyCount "56"]
[EventDate "2008.??.??"]
[EventType "swiss"]
[EventRounds "7"]
[EventCountry "DEN"]

1. d4 Nf6 2. Nf3 g6 3. g3 Bg7 4. Bg2 O-O 5. c4 d6 6. Nc3 Nc6 7. O-O Bf5 8. Re1
Ne4 9. Nh4 Nxc3 10. bxc3 Bd7 11. Rb1 b6 12. e4 Na5 13. Qd3 c5 14. Be3 Rc8 15.
d5 a6 16. f4 b5 17. f5 Nxc4 18. Bg5 h6 19. Be3 g5 20. Nf3 Qa5 21. Rec1 Nxe3 22.
Qxe3 b4 23. cxb4 cxb4 24. Qa7 Bb5 25. Qxe7 Qb6+ 26. Kh1 Rxc1+ 27. Rxc1 Re8 28.
Qc7 Qxc7 0-1

[Event "Fynsmesterskabet "]
[Site "Odense"]
[Date "2008.01.24"]
[Round "2"]
[White "Madsen, Michael B"]
[Black "Pallesen, Jorn"]
[Result "1-0"]
[WhiteElo "1917"]
[BlackElo "1514"]
[PlyCount "51"]
[EventDate "2008.??.??"]
[EventType "swiss"]
[EventRounds "7"]
[EventCountry "DEN"]

1. e4 c5 2. Nf3 g6 3. Bc4 Nc6 4. O-O Bg7 5. Nc3 Nf6 6. d3 O-O 7. Bg5 Na5 8. Nd2
d6 9. f4 Be6 10. Bxe6 fxe6 11. f5 h6 12. Be3 exf5 13. exf5 g5 14. h4 gxh4 15.
Nce4 Nd5 16. Bxh6 Bxh6 17. Qg4+ Bg7 18. Ng5 Nf6 19. Qxh4 Qe8 20. g4 Nc6 21.
Nde4 Nd8 22. Nxf6+ Rxf6 23. Qh7+ Kf8 24. Ne6+ Nxe6 25. fxe6 Qa4 26. c4 1-0

[Event "Fynsmesterskabet "]
[Site "Odense"]
[Date "2008.01.24"]
[Round "2"]
[White "Nykjaer, Jess"]
[Black "Aagaard, Gert"]
[Result "1/2-1/2"]
[WhiteElo "1769"]
[BlackElo "1917"]
[PlyCount "65"]
[EventDate "2008.??.??"]
[EventType "swiss"]
[EventRounds "7"]
[EventCountry "DEN"]

1. e4 c6 2. d4 d5 3. exd5 cxd5 4. f4 Bf5 5. Bd3 g6 6. Bxf5 gxf5 7. Nf3 Nc6 8.
Qd3 e6 9. c3 Bd6 10. g3 Nge7 11. Nbd2 h5 12. Nh4 Qb6 13. Ndf3 Ng8 14. Qe2 Be7
15. O-O Nf6 16. Be3 Rg8 17. Bf2 Ne4 18. Kh1 Rc8 19. Rfc1 Na5 20. Be1 Nc4 21. b3
Ncd6 22. Rc2 Bf6 23. Rd1 Qb5 24. Qxb5+ Nxb5 25. a4 Nc7 26. c4 Na6 27. c5 b6 28.
b4 bxc5 29. dxc5 Rb8 30. c6 Rxb4 31. c7 Kd7 32. Bxb4 Nxb4 33. Rg2 1/2-1/2

[Event "Fynsmesterskabet "]
[Site "Odense"]
[Date "2008.01.24"]
[Round "2"]
[White "Ploug, Kurt"]
[Black "Mathiesen, Erik"]
[Result "1-0"]
[WhiteElo "1701"]
[BlackElo "1894"]
[PlyCount "84"]
[EventDate "2008.??.??"]
[EventType "swiss"]
[EventRounds "7"]
[EventCountry "DEN"]

1. d4 Nf6 2. c4 c6 3. Nc3 g6 4. Nf3 Bg7 5. e4 O-O 6. Be2 d6 7. O-O Qc7 8. h3
Nbd7 9. Qc2 Nh5 10. Be3 a6 11. Rac1 e6 12. Qd2 f5 13. Bh6 Ndf6 14. Bxg7 Qxg7
15. e5 Ne4 16. Nxe4 fxe4 17. Ng5 d5 18. Bg4 Qe7 19. h4 Ng7 20. g3 Bd7 21. Rc3
h6 22. Nh3 Kh7 23. Be2 Nf5 24. Kg2 c5 25. cxd5 cxd4 26. Rc7 exd5 27. Nf4 Qd8
28. Nxd5 e3 29. Qa5 Kh8 30. Qb6 Bc6 31. Rxc6 Qxd5+ 32. Bf3 Qxe5 33. Rxg6 Rf7
34. Re6 Qg7 35. Be4 Nxh4+ 36. Kh3 Rxf2 37. Rxh6+ Kg8 38. Bd5+ Kf8 39. Rxf2+
exf2 40. Rf6+ Ke8 41. Qe6+ Kd8 42. Qd6+ Qd7+ 1-0

[Event "Fynsmesterskabet "]
[Site "Odense"]
[Date "2008.01.24"]
[Round "2"]
[White "Rasmussen, Jens"]
[Black "Nielsen, Jan"]
[Result "1-0"]
[WhiteElo "1584"]
[BlackElo "1416"]
[PlyCount "101"]
[EventDate "2008.??.??"]
[EventType "swiss"]
[EventRounds "7"]
[EventCountry "DEN"]

1. d4 d5 2. Nf3 c6 3. e3 Nf6 4. Bd3 e6 5. O-O Bd6 6. Ne5 O-O 7. f4 Nbd7 8. Nd2
g6 9. Qf3 Qe8 10. Qh3 Be7 11. Ndf3 Ne4 12. Nxd7 Bxd7 13. Ne5 f5 14. Bxe4 dxe4
15. g4 Rd8 16. g5 Bc8 17. Bd2 Bd6 18. a3 Bxe5 19. fxe5 Rf7 20. Bb4 Bd7 21. Qh6
Rc8 22. c4 b6 23. Bd6 Kh8 24. Rf4 Qg8 25. b4 Qg7 26. Qh3 Kg8 27. Kf2 Kh8 28.
Qg3 Kg8 29. Kg1 Qh8 30. Raf1 Qg7 31. Rh4 Qh8 32. Kh1 Rg7 33. Qf2 Rf7 34. Rxe4
c5 35. b5 Kg7 36. Rh4 cxd4 37. Rxd4 Rxc4 38. Rxc4 Bxb5 39. Rfc1 Bxc4 40. Rxc4
Qa8+ 41. Qg2 Qxg2+ 42. Kxg2 h5 43. h4 b5 44. Rc5 Rb7 45. Kf2 Kf7 46. Ke2 a5 47.
Kd3 a4 48. Rc8 b4 49. axb4 Ra7 50. Rc7+ Rxc7 51. Bxc7 1-0

[Event "Fynsmesterskabet "]
[Site "Odense"]
[Date "2008.01.24"]
[Round "2"]
[White "Rostgaard, Tobias Valentin"]
[Black "Moestrup, Jorn"]
[Result "0-1"]
[WhiteElo "1798"]
[BlackElo "2032"]
[PlyCount "56"]
[EventDate "2008.??.??"]
[EventType "swiss"]
[EventRounds "7"]
[EventCountry "DEN"]

1. e4 c5 2. Nc3 d6 3. f4 g6 4. Nf3 Bg7 5. Bb5+ Bd7 6. Bc4 e6 7. O-O Nc6 8. d3
a6 9. f5 b5 10. fxe6 fxe6 11. Bxb5 axb5 12. Nxb5 Qb8 13. c4 Nf6 14. e5 dxe5 15.
Be3 Nd4 16. b4 Bxb5 17. Bxd4 Ba4 18. Bxe5 Bxd1 19. Bxb8 Bxf3 20. Rxf3 Rxb8 21.
b5 O-O 22. a4 Ng4 23. Rxf8+ Rxf8 24. Rb1 Bd4+ 25. Kh1 Nf2+ 26. Kg1 Nxd3+ 27.
Kh1 Nf2+ 28. Kg1 Ne4+ 0-1

[Event "Fynsmesterskabet "]
[Site "Odense"]
[Date "2008.01.24"]
[Round "2"]
[White "Sorensen, Alex"]
[Black "Nielsen, Chresten Anker"]
[Result "1-0"]
[WhiteElo "1737"]
[BlackElo "1630"]
[PlyCount "77"]
[EventDate "2008.??.??"]
[EventType "swiss"]
[EventRounds "7"]
[EventCountry "DEN"]

1. e4 e5 2. Bc4 Nf6 3. Nc3 Bc5 4. d3 d6 5. Na4 Bb6 6. c3 c6 7. b4 O-O 8. Ne2
Bxf2+ 9. Kxf2 Ng4+ 10. Kg3 b5 11. h3 Nf6 12. Bb3 bxa4 13. Bxa4 Nh5+ 14. Kh2 f5
15. Rf1 f4 16. d4 Qh4 17. Bd2 f3 18. Bb3+ Kh8 19. dxe5 Qxe4 20. gxf3 Qh4 21. e6
d5 22. Be1 Qf6 23. Nd4 Qe5+ 24. f4 Rxf4 25. Rxf4 Qxf4+ 26. Kh1 Qe4+ 27. Kg1 Nf4
28. Qg4 Qe3+ 29. Kh2 h5 30. Qf5 Nxe6 31. Qxh5+ Qh6 32. Qe8+ Kh7 33. Bc2+ g6 34.
Nxe6 Bxe6 35. Qxe6 Qf4+ 36. Kg2 Qg5+ 37. Kh1 Na6 38. Qf7+ Kh6 39. Bd2 1-0

[Event "Fynsmesterskabet "]
[Site "Odense"]
[Date "2008.01.24"]
[Round "2"]
[White "Sorensen, Jimmy F"]
[Black "Nielsen, Villy"]
[Result "1-0"]
[WhiteElo "1517"]
[BlackElo "1128"]
[PlyCount "91"]
[EventDate "2008.??.??"]
[EventType "swiss"]
[EventRounds "7"]
[EventCountry "DEN"]

1. e4 c6 2. d4 e5 3. Nf3 exd4 4. Nxd4 Bc5 5. Nb3 Bb6 6. c4 a5 7. c5 Ba7 8. Nc3
Qf6 9. Be3 Ne7 10. Be2 Ng6 11. O-O O-O 12. f4 Na6 13. e5 Qe7 14. Bxa6 bxa6 15.
Ne4 Nh4 16. Qd6 Nf5 17. Qxe7 Nxe7 18. Nxa5 Nd5 19. Nc4 a5 20. Bd2 Ba6 21. Rac1
Nb4 22. Bxb4 axb4 23. Rf3 Rfe8 24. Ncd6 Re7 25. Rb3 h6 26. Rxb4 Bd3 27. Rc3
Bxe4 28. Nxe4 f6 29. exf6 gxf6 30. Nxf6+ Kf7 31. Ng4 Re6 32. Ne5+ Ke7 33. Rb7
Rd6 34. g3 Rd5 35. Nxc6+ Ke6 36. Rxa7 Rc8 37. Ne5 d6 38. cxd6 Rxc3 39. bxc3
Rxd6 40. Kf2 Rd2+ 41. Kf3 Rxh2 42. Ra6+ Kd5 43. c4+ Kc5 44. a3 h5 45. Ke3 Rh3
46. Rc6# 1-0

[Event "Fynsmesterskabet "]
[Site "Odense"]
[Date "2008.01.31"]
[Round "3"]
[White "Aagaard, Gert"]
[Black "Rasmussen, Knud Aage"]
[Result "1/2-1/2"]
[WhiteElo "1917"]
[BlackElo "1741"]
[PlyCount "95"]
[EventDate "2008.??.??"]
[EventType "swiss"]
[EventRounds "7"]
[EventCountry "DEN"]

1. d4 Nf6 2. Nf3 g6 3. Bf4 Bg7 4. c4 d6 5. Nc3 O-O 6. e3 Nbd7 7. Be2 a6 8. Qc2
c5 9. Rd1 cxd4 10. exd4 b6 11. O-O Bb7 12. Rfe1 Nh5 13. Bg5 f5 14. c5 d5 15. b4
Nhf6 16. h3 h6 17. Bc1 Ne4 18. Nxe4 fxe4 19. Nh2 bxc5 20. bxc5 Rc8 21. Qb3 Qc7
22. Bg4 e5 23. Rxe4 exd4 24. Re7 Rcd8 25. Be6+ Kh8 26. Bxd5 Bxd5 27. Qxd5 Qxc5
28. Qxc5 Nxc5 29. Ba3 Na4 30. Nf3 Nc3 31. Rd3 Nxa2 32. Ra7 Rfe8 33. Rxa6 Nc3
34. g3 g5 35. Bc5 Kh7 36. Kg2 Ne2 37. Ra7 Kg6 38. Kf1 Nc1 39. Rd1 Nb3 40. Be7
Rc8 41. Rb1 Rc3 42. Rxb3 Rxb3 43. Kg2 d3 44. Rd7 Kf5 45. Bc5 Bf6 46. Be3 Kg6
47. g4 Rd8 48. Ne5+ 1/2-1/2

[Event "Fynsmesterskabet "]
[Site "Odense"]
[Date "2008.01.31"]
[Round "3"]
[White "Cappelen, Niels Henrik"]
[Black "Drost, Allan"]
[Result "0-1"]
[WhiteElo "1634"]
[BlackElo "1860"]
[PlyCount "62"]
[EventDate "2008.??.??"]
[EventType "swiss"]
[EventRounds "7"]
[EventCountry "DEN"]

1. e4 c5 2. Nf3 d6 3. d4 cxd4 4. Nxd4 g6 5. Bc4 Bg7 6. c3 Nf6 7. f3 O-O 8. Be3
d5 9. exd5 Nxd5 10. Bf2 e6 11. O-O a6 12. Re1 b5 13. Bb3 Bb7 14. Nd2 e5 15. Ne2
f5 16. Qc2 Kh8 17. Rad1 Qg5 18. Ng3 Nf4 19. c4 Nc6 20. c5 Nb4 21. Qc3 Nbd3 22.
c6 Rac8 23. c7 Nxf2 24. Kxf2 e4 25. Qe3 Nd3+ 26. Kg1 Qxe3+ 27. Rxe3 Bd4 28.
Ndf1 f4 29. Nxe4 Bxe4 30. fxe4 fxe3 31. Rxd3 e2+ 0-1

[Event "Fynsmesterskabet "]
[Site "Odense"]
[Date "2008.01.31"]
[Round "3"]
[White "Frantsen, Tom"]
[Black "Hansen, Martin Strandby"]
[Result "1-0"]
[WhiteElo "1779"]
[BlackElo "2072"]
[PlyCount "137"]
[EventDate "2008.??.??"]
[EventType "swiss"]
[EventRounds "7"]
[EventCountry "DEN"]

1. e4 g6 2. d4 Bg7 3. Nc3 d6 4. Be2 Nf6 5. h4 h5 6. Bg5 Nbd7 7. Qd2 a6 8. Nf3
c5 9. O-O-O cxd4 10. Nxd4 Qc7 11. f4 b5 12. f5 b4 13. Nd5 Nxd5 14. exd5 Ne5 15.
fxg6 fxg6 16. Rhf1 Qa5 17. Kb1 Qxd5 18. Qe3 Be6 19. Nxe6 Qxe6 20. Bf3 Rc8 21.
Bd5 Qd7 22. Qe4 e6 23. Bb3 a5 24. Bf6 O-O 25. Bxe5 Rxf1 26. Rxf1 dxe5 27. Qxg6
Re8 28. Bc4 e4 29. Qxe4 Qd4 30. Bxe6+ Kh8 31. Qxd4 Bxd4 32. Bf7 Rf8 33. Rf3 Kg7
34. Bxh5 Bf6 35. a3 bxa3 36. Rxa3 Bxh4 37. Rxa5 Rf1+ 38. Ka2 Rf2 39. Rc5 Rxg2
40. Bf3 Rf2 41. Be4 Kf6 42. Bd3 Ke6 43. b4 Be7 44. Rc4 Bd6 45. Kb3 Kd7 46. Ka4
Rf8 47. Rh4 Rf4 48. Rxf4 Bxf4 49. Ka5 Kc7 50. c4 Bd2 51. c5 Be1 52. Be4 Bd2 53.
Ka4 Be1 54. b5 Bf2 55. b6+ Kb8 56. Kb5 Be3 57. Bf5 Bf2 58. c6 Bg3 59. Kc4 Bf4
60. Kd5 Bg3 61. Ke6 Kc8 62. Ke7+ Kb8 63. Kd7 Bf4 64. c7+ Bxc7 65. bxc7+ Ka7 66.
c8=Q Kb6 67. Bd3 Ka5 68. Qc5+ Ka4 69. Bc2# 1-0

[Event "Fynsmesterskabet "]
[Site "Odense"]
[Date "2008.01.31"]
[Round "3"]
[White "Frimodt, Michael"]
[Black "Caceres, Cipriano Sande"]
[Result "0-1"]
[WhiteElo "1416"]
[BlackElo "1502"]
[PlyCount "98"]
[EventDate "2008.??.??"]
[EventType "swiss"]
[EventRounds "7"]
[EventCountry "DEN"]

1. e4 c5 2. Nf3 e6 3. d4 cxd4 4. Nxd4 a6 5. Nc3 Be7 6. Nf3 Nc6 7. Bd3 Bf6 8.
Bd2 b5 9. Rb1 Bb7 10. b4 Nge7 11. Ne2 e5 12. c4 bxc4 13. Bxc4 d6 14. Qb3 O-O
15. Bg5 Ng6 16. Be3 Nce7 17. Nc3 Qc7 18. Rc1 Qd7 19. O-O Bc6 20. Rfd1 Nh8 21.
Bg5 Bxg5 22. Nxg5 h6 23. Nf3 Neg6 24. Rd2 Qe7 25. Rcd1 Rfd8 26. b5 axb5 27.
Bxb5 Bxb5 28. Nxb5 Ra6 29. a4 Kh7 30. Nc3 Qa7 31. Ra1 Nf4 32. Nh4 Ne6 33. Nb5
Qb6 34. Nf5 Qb8 35. Ne7 Nc5 36. Qf3 Qb7 37. Nd5 Rxa4 38. Qf5+ Kg8 39. Rxa4 Nxa4
40. Nbc3 Nxc3 41. Nxc3 Qb4 42. Qf3 Rc8 43. Nd5 Qxd2 44. h3 Ng6 45. Qf5 Rc1+ 46.
Kh2 Qg5 47. Qd7 Rc2 48. Qe8+ Kh7 49. Qxf7 Nf4 0-1

[Event "Fynsmesterskabet "]
[Site "Odense"]
[Date "2008.01.31"]
[Round "3"]
[White "Hansen, Mads"]
[Black "Dyrgaard, Kristoffer"]
[Result "1-0"]
[WhiteElo "1880"]
[BlackElo "2127"]
[PlyCount "103"]
[EventDate "2008.??.??"]
[EventType "swiss"]
[EventRounds "7"]
[EventCountry "DEN"]

1. e4 c5 2. Nf3 Nc6 3. d4 cxd4 4. Nxd4 Nf6 5. Nc3 e5 6. Ndb5 d6 7. Bg5 a6 8.
Na3 b5 9. Bxf6 gxf6 10. Nd5 f5 11. c3 Bg7 12. Bd3 Be6 13. Qh5 h6 14. Nc2 O-O
15. O-O fxe4 16. Bxe4 f5 17. Nf4 exf4 18. Bxc6 Ra7 19. Rfe1 Bf7 20. Qxf5 Bxa2
21. Qd3 Bf7 22. Bxb5 Qb6 23. Rxa6 Rxa6 24. Bxa6 Qxb2 25. Nd4 Ra8 26. h3 Qb6 27.
Bc4 d5 28. Bb3 Qa6 29. Qf3 Qa5 30. Re7 Bxd4 31. cxd4 Qb4 32. Rxf7 Ra1+ 33. Kh2
Kxf7 34. Qxd5+ Ke7 35. Qe5+ Kd8 36. Be6 Ra6 37. d5 Qd6 38. Qh8+ Kc7 39. Qxh6
f3+ 40. g3 Ra2 41. Qh7+ Kd8 42. Qg8+ Kc7 43. Qf7+ Kb6 44. Qxf3 Ra3 45. Qe2 Qc5
46. h4 Rc3 47. Kg2 Rc2 48. Qf3 Rc1 49. Qe3 Rc2 50. Qxc5+ Kxc5 51. h5 Kd6 52. h6
1-0

[Event "Fynsmesterskabet "]
[Site "Odense"]
[Date "2008.01.31"]
[Round "3"]
[White "Hust, Christian Winther"]
[Black "Lindenskov, Bjarne"]
[Result "0-1"]
[WhiteElo "1593"]
[BlackElo "1804"]
[PlyCount "83"]
[EventDate "2008.??.??"]
[EventType "swiss"]
[EventRounds "7"]
[EventCountry "DEN"]

1. e4 c5 2. Nf3 Nc6 3. c3 d5 4. exd5 Qxd5 5. d4 cxd4 6. cxd4 e6 7. Nc3 Bb4 8.
Bd2 Qd8 9. Bb5 Nge7 10. O-O O-O 11. a3 Bd6 12. Bd3 Ng6 13. g3 e5 14. d5 Nce7
15. Ng5 Bf5 16. Qh5 Nf4 17. gxf4 Bxd3 18. fxe5 Bxe5 19. Rfe1 Bg6 20. Qf3 Bxc3
21. bxc3 Nxd5 22. c4 Nb6 23. Rad1 Nxc4 24. Bf4 Qa5 25. Qxb7 Qf5 26. Rd4 Nxa3
27. Qd7 Nc2 28. Re5 Qf6 29. Rc4 Rfd8 30. Qc6 Qxc6 31. Rxc6 f6 32. Re7 fxg5 33.
Bd6 Re8 34. Rcc7 Rxe7 35. Bxe7 a5 36. Bxg5 a4 37. Bd2 a3 38. Bc3 a2 39. Rxg7+
Kf8 40. Rc7 a1=Q+ 41. Bxa1 Rxa1+ 42. Kg2 0-1

[Event "Fynsmesterskabet "]
[Site "Odense"]
[Date "2008.01.31"]
[Round "3"]
[White "Jensen, Jacob"]
[Black "Rostgaard, Tobias Valentin"]
[Result "1-0"]
[WhiteElo "1578"]
[BlackElo "1798"]
[PlyCount "94"]
[EventDate "2008.??.??"]
[EventType "swiss"]
[EventRounds "7"]
[EventCountry "DEN"]

1. e4 c6 2. d4 d5 3. exd5 cxd5 4. Bd3 Nf6 5. c3 Nc6 6. Bg5 Bg4 7. Qc2 Rc8 8. f3
Bh5 9. Qf2 Bg6 10. Bxg6 hxg6 11. Ne2 e6 12. Be3 Bd6 13. Nd2 O-O 14. h4 e5 15.
Bg5 e4 16. O-O Be7 17. g3 Na5 18. Bxf6 e3 19. Qxe3 Bxf6 20. Kg2 Re8 21. Qd3 Nc4
22. Nxc4 dxc4 23. Qc2 g5 24. hxg5 Bxg5 25. Rh1 g6 26. Rhe1 Re3 27. Ng1 Qe7 28.
Re2 Re8 29. Rae1 Qd7 30. Rxe3 Bxe3 31. Nh3 Kg7 32. Nf2 f5 33. Nd1 f4 34. Nxe3
fxe3 35. Qe2 b5 36. Rh1 Qf5 37. a3 Qd3 38. Re1 a5 39. Kf1 Rh8 40. Kg1 Re8 41.
Kf1 a4 42. g4 g5 43. Rd1 Qh7 44. Kg1 Qh3 45. Qg2 Qh4 46. Ra1 e2 47. Qf2 e1=Q+
1-0

[Event "Fynsmesterskabet "]
[Site "Odense"]
[Date "2008.01.31"]
[Round "3"]
[White "Madsen, Michael B"]
[Black "Nykjaer, Jess"]
[Result "0-1"]
[WhiteElo "1917"]
[BlackElo "1769"]
[PlyCount "104"]
[EventDate "2008.??.??"]
[EventType "swiss"]
[EventRounds "7"]
[EventCountry "DEN"]

1. e4 c5 2. Nf3 d6 3. d4 cxd4 4. Nxd4 Nf6 5. Nc3 e6 6. Be2 Be7 7. O-O O-O 8.
Qd3 Nbd7 9. Qg3 Kh8 10. Nb3 a6 11. f4 Qc7 12. Be3 b5 13. a3 Bb7 14. Bf3 Nc5 15.
Nxc5 dxc5 16. e5 Ng8 17. Rfd1 Nh6 18. Bxb7 Qxb7 19. Qf3 Qxf3 20. gxf3 Nf5 21.
Kf2 Rfd8 22. Ne4 c4 23. Bb6 Rd5 24. Rxd5 exd5 25. Ng3 Bh4 26. Rd1 Rb8 27. Ba5
d4 28. Rd2 Rb7 29. Kg2 Ne3+ 30. Kh3 Bxg3 31. hxg3 Rd7 32. Bb6 c3 33. Rxd4 Rxd4
34. Bxd4 cxb2 35. Bxb2 Nxc2 36. f5 Kg8 37. Kg4 Ne3+ 38. Kf4 Nc4 39. Bc1 Kf8 40.
Ke4 Ke7 41. Kd4 g6 42. g4 gxf5 43. gxf5 h5 44. Bg5+ Kd7 45. e6+ Ke8 46. Kc5
Nxa3 47. Kb6 Nc4+ 48. Kxa6 b4 49. Kb5 b3 50. Bc1 b2 51. Bxb2 Nxb2 52. Kc5 h4
0-1

[Event "Fynsmesterskabet "]
[Site "Odense"]
[Date "2008.01.31"]
[Round "3"]
[White "Mathiesen, Erik"]
[Black "Andreasen, Rene"]
[Result "0-1"]
[WhiteElo "1894"]
[BlackElo "1670"]
[PlyCount "58"]
[EventDate "2008.??.??"]
[EventType "swiss"]
[EventRounds "7"]
[EventCountry "DEN"]

1. e4 c6 2. f4 d5 3. e5 Bf5 4. d3 e6 5. Nf3 Qb6 6. Nh4 Bc5 7. Qe2 Be7 8. Nxf5
exf5 9. g4 Bh4+ 10. Kd1 Nh6 11. gxf5 Nxf5 12. Bh3 g6 13. Bxf5 gxf5 14. Bd2 Qf2
15. e6 O-O 16. Qe1 Qg2 17. Qxh4 Qxh1+ 18. Ke2 Qg2+ 19. Ke1 Qg1+ 20. Ke2 Qg4+
21. Qxg4+ fxg4 22. e7 Re8 23. Bb4 f5 24. Kf2 Nd7 25. Bd6 Nb6 26. Nd2 Nc8 27.
Be5 Nxe7 28. h3 Ng6 29. Bd4 Nxf4 0-1

[Event "Fynsmesterskabet "]
[Site "Odense"]
[Date "2008.01.31"]
[Round "3"]
[White "Moestrup, Jorn"]
[Black "Friis, Carsten Bank"]
[Result "0-1"]
[WhiteElo "2032"]
[BlackElo "2270"]
[PlyCount "70"]
[EventDate "2008.??.??"]
[EventType "swiss"]
[EventRounds "7"]
[EventCountry "DEN"]

1. d4 Nf6 2. Nf3 d5 3. c4 e6 4. Nc3 c6 5. e3 Nbd7 6. Bd3 dxc4 7. Bxc4 b5 8. Bd3
a6 9. O-O c5 10. e4 cxd4 11. Nxd4 Bb7 12. Re1 Ne5 13. Bc2 Bc5 14. Nb3 Qxd1 15.
Rxd1 Bb6 16. h3 Ke7 17. Kf1 Rac8 18. f4 Nc4 19. e5 Nd5 20. Nxd5+ Bxd5 21. Nd4
Bxd4 22. Rxd4 Nxe5 23. Bd1 Nc6 24. Rd2 Rhd8 25. b3 f6 26. Kf2 h6 27. g3 e5 28.
fxe5 fxe5 29. Bg4 Be6 30. Bxe6 Kxe6 31. Rxd8 Nxd8 32. Bd2 Rc2 33. Ke1 Nc6 34.
Rc1 Rxc1+ 35. Bxc1 Nb4 0-1

[Event "Fynsmesterskabet "]
[Site "Odense"]
[Date "2008.01.31"]
[Round "3"]
[White "Nielsen, Chresten Anker"]
[Black "Frederiksen, Jens"]
[Result "1-0"]
[WhiteElo "1630"]
[BlackElo "1431"]
[PlyCount "99"]
[EventDate "2008.??.??"]
[EventType "swiss"]
[EventRounds "7"]
[EventCountry "DEN"]

1. e4 c5 2. Nc3 Nc6 3. g3 g6 4. Bg2 Bg7 5. d3 Nf6 6. Nge2 d6 7. O-O Bg4 8. f3
Bd7 9. h3 O-O 10. f4 a6 11. Be3 Qc8 12. Kh2 h5 13. e5 dxe5 14. Bxc5 exf4 15.
Nxf4 Re8 16. Nfd5 Rb8 17. d4 Be6 18. Nxf6+ Bxf6 19. Ne4 Bg7 20. c3 b6 21. Ba3
Bc4 22. Rf2 Qc7 23. Qf3 h4 24. Nd2 hxg3+ 25. Qxg3 Qxg3+ 26. Kxg3 Na5 27. b4 Be6
28. bxa5 bxa5 29. Bf1 Rbc8 30. Bc5 Ra8 31. Bg2 Rab8 32. Rb1 Rxb1 33. Nxb1 Rb8
34. Nd2 Bxa2 35. Bxe7 Re8 36. Bf6 Re3+ 37. Kh2 Rxc3 38. Ne4 Ra3 39. Be7 Ra4 40.
Nc3 Rxd4 41. Nxa2 Be5+ 42. Kg1 Rd7 43. Bf6 Bc7 44. Re2 Bb6+ 45. Kf1 Bc5 46.
Re8+ Bf8 47. Nc3 g5 48. Ne4 a4 49. Nxg5 a3 50. Be4 1-0